000 00591nam a2200193Ia 4500
003 GCL
008 140319s9999 xx 000 0 ara d
040 _aGCL /
_cGCL
082 0 4 _a891.703
_bب ط
100 1 _aبونبوار أنا
245 1 0 _aالطلقات الاخيرة (هدية من الاديب عبدالفتاح الجمل) /
_cبونبوار أنا
700 1 _aبونداريف، يورى
700 1 _aطعمة فرمان (مترجم)
300 _a211 ص
490 _a
650 0 4 _aالقصص
650 0 4 _aالادب الروسى المترجم
942 _2ddc
_cBK
999 _c38199
_d38199